<?xml version="1.0" encoding="UTF-8"?>
<collection xmlns="http://www.loc.gov/MARC21/slim">
 <record>
  <leader>01993nam a2200289 a 4500</leader>
  <controlfield tag="001">TVCDKTCT2046</controlfield>
  <controlfield tag="003">Thư viện trường Cao đẳng Kỹ thuật Cao Thắng</controlfield>
  <controlfield tag="005">20221006134750.000</controlfield>
  <controlfield tag="008">050813</controlfield>
  <datafield tag="980" ind1="\" ind2="\">
   <subfield code="a">Thư viện Trường CĐ Kỹ Thuật Cao Thắng</subfield>
  </datafield>
  <datafield tag="024" ind1=" " ind2=" ">
   <subfield code="a">RG_1 #1 eb0 i1</subfield>
  </datafield>
  <datafield tag="041" ind1="0" ind2="#">
   <subfield code="a">vie</subfield>
  </datafield>
  <datafield tag="082" ind1="#" ind2="#">
   <subfield code="a">621.5 / </subfield>
   <subfield code="b">NG527L-k</subfield>
  </datafield>
  <datafield tag="100" ind1="1" ind2="#">
   <subfield code="a">Nguyễn Đức Lợi</subfield>
  </datafield>
  <datafield tag="245" ind1="0" ind2="0">
   <subfield code="a">Kỹ thuật lạnh ứng dụng / </subfield>
   <subfield code="c">Nguyễn Đức Lợi, Phạm Văn Tuỳ, Đinh Văn Thuận</subfield>
  </datafield>
  <datafield tag="250" ind1="#" ind2="#">
   <subfield code="a">In lần thứ 1</subfield>
  </datafield>
  <datafield tag="260" ind1="#" ind2="#">
   <subfield code="a">H. : </subfield>
   <subfield code="b">Giáo dục , </subfield>
   <subfield code="c">1995</subfield>
  </datafield>
  <datafield tag="300" ind1="#" ind2="#">
   <subfield code="a">372tr. ; </subfield>
   <subfield code="c">27cm</subfield>
  </datafield>
  <datafield tag="520" ind1="#" ind2="#">
   <subfield code="a">Tài liệu là tập 2 của giáo trình &quot;Kỹ thuật lạnh&quot; giới thiệu về các tổ hợp lạnh cụ thể, về tính toán thiết kế kho lạnh, phương pháp làm lạnh chất lỏng, chất khí, tủ lạnh gia đình, máy lạnh thương nghiệp và buồng lạnh lắp ghép, các phương pháp và máy sản xuất nước đá, đá khô, các ứng dụng của kỹ thuật lạnh trong công nghiệp thực phẩm, trong kỹ thuật bơm nhiệt, trong điều hòa không khí trong vận tải lạnh cũng như các ứng dụng khác trong các ngành kinh tế, thể thao, cơ khí, quang học, điện tử.... Giáo trình cũng giới thiệu sơ lược về lắp ráp, vận hành, bảo dưỡng sửa chữa, thử nghiệm và kỹ thuật an toàn máy lạnh.</subfield>
  </datafield>
  <datafield tag="650" ind1="#" ind2="4">
   <subfield code="a">Kỹ thuật lạnh ứng dụng</subfield>
  </datafield>
  <datafield tag="653" ind1="#" ind2="#">
   <subfield code="a">Applied Refrigeration Engineering</subfield>
  </datafield>
  <datafield tag="653" ind1="#" ind2="4">
   <subfield code="a">Thermal Engineering Technology</subfield>
  </datafield>
  <datafield tag="700" ind1="0" ind2="#">
   <subfield code="a">Đinh Văn Thuận</subfield>
  </datafield>
  <datafield tag="700" ind1="0" ind2="#">
   <subfield code="a">Phạm Văn Tuỳ</subfield>
  </datafield>
  <datafield tag="721" ind1="#" ind2="#">
   <subfield code="a">06. CNKT Nhiệt lạnh</subfield>
  </datafield>
  <datafield tag="721" ind1="#" ind2="#">
   <subfield code="a">13.Kỹ thuật máy lạnh và điều hòa không khí</subfield>
  </datafield>
  <datafield tag="841" ind1="#" ind2="#">
   <subfield code="b">Kho Sách </subfield>
   <subfield code="j">100004407</subfield>
  </datafield>
 </record>
</collection>
